000 00491 a2200157 4500
999 _c3706
_d3706
020 _a9780520243330
050 _aML 3556 RAM 2003
100 _aRamsey, Guthrie P.
245 _aRace music :
_bblack cultures from bebop to hip-hop /
_cGuthrie P. Ramsey
264 _aBerkeley :
_bUniversity of California Press,
_c2003
300 _axii, 281p. :
_bill.
440 _aMusic of the African diaspora, 7
500 _aIncludes index
650 _aPopular Music
942 _2lcc
_cBK
_h3556
_iRAM
_kML